000 00960nam a2200289 i 4500
001 32763
003 BD-RjUL
005 20211209051906.0
008 140428s1975 stkaf b 001 0 eng d
020 _a0852242743 :
035 _a(BD-RjUL)32853
040 _aDLC
_cDLC
_dDLC
_dWaU
_dDLC
_dBD-RjUL
_beng
041 _aeng
082 0 0 _a953.0297
_bAHH V-10 1975
100 0 _aʻAzīz Aḥmad,
_d1913-1978.
_977581
245 1 2 _aA history of Islamic Sicily /
_cAziz Ahmad.
260 _aEdinburgh :
_bEdinburgh University Press,
_cc1975.
300 _axi, 147 p., [4] leaves of plates :
_bill. ;
_c21 cm.
504 _aBibliography: p. 124-136. and Index
650 0 _aArabs
_zItaly
_zSicily
_xHistory.
_999633
651 0 _aSicily (Italy)
_xHistory
_y800-1016.
_999634
651 0 _aSicily (Italy)
_xHistory
_y1016-1194.
_999635
942 _2ddc
_cBK
999 _c32763
_d32763